|
|
|
|
| LEADER |
00714nab a2200181 i 4500 |
| 001 |
acta1653 |
| 005 |
20210421133208.0 |
| 008 |
161015s1978 hu o 0|| fre d |
| 022 |
|
|
|a 0567-8099
|
| 040 |
|
|
|a SZTE Egyetemi Kiadványok Repozitórium
|b hun
|
| 041 |
|
|
|a fre
|
| 100 |
1 |
|
|a Nagy Géza
|
| 245 |
1 |
0 |
|a Jean-Paul Sartre
|h [elektronikus dokumentum] :
|b la lutte de l'artiste avec l'expression : la crétation littéraire et la langue /
|c Nagy Géza
|
| 260 |
|
|
|c 1978
|
| 300 |
|
|
|a 323-348
|
| 490 |
0 |
|
|a Acta Universitatis Szegediensis de Attila József Nominatae : acta romanica
|v 5
|
| 695 |
|
|
|a Sartre, Jean-Paul, Irodalomtudomány
|
| 856 |
4 |
0 |
|u http://acta.bibl.u-szeged.hu/1653/1/romanica_005_323-348.pdf
|z Dokumentum-elérés
|